Music Quiz

Random Music or Clip Quiz

50 Song Music Clip Quiz 29 Stats

 Plays Quiz not verified by Sporcle

Score 0/50 Timer 15:00
0 Plays Today
Time Song Title % Correct
1:56Sweet Child O' Mine
90.5%
3:34I'm Gonna Be (500 Miles)
84.9%
1:41My Sharona
80.5%
0:25Careless Whisper
77.6%
1:24Uptown Funk
76.1%
4:00(Don't You) Forget About Me
74.4%
4:34Pretty Fly (For A White Guy)
70.7%
3:03Magic
69.4%
6:06Hit The Road Jack
69.1%
2:18Starships
60.7%
5:56Hooked On A Feeling
57.5%
4:44Drop It Like It's Hot
52.7%
1:07Bitch
52.4%
4:17Something Stupid
50.7%
1:47867-5309/Jenny
49.3%
5:47Thinking Out Loud
49.2%
0:51I Want To Break Free
48.6%
0:16Club Can't Handle Me
47.2%
5:10Best Day Of My Life
47.1%
0:35I Have A Dream
42.9%
0:00The River Of Dreams
41.5%
3:41What You Waiting For?
41.3%
4:26She Blinded Me With Science
41.2%
3:51Pop Muzik
39.7%
2:11Love Potion No. 9
34%
Time Song Title % Correct
6:55Wind Of Change
33.9%
7:15The NeverEnding Story
30.7%
1:15Last Kiss
28.5%
5:02Read All About It
28.5%
1:32Devil Woman
25%
0:08Another Saturday Night
22.7%
5:38Brick
22.6%
6:16All My Life
19.9%
6:34Bad Girls
19.6%
2:04Dance Floor Anthem
19.4%
2:26Boot Scootin' Boogie
19.2%
2:35Hot Child In The City
18%
5:20Where Do Broken Hearts Go
17.8%
3:23Counting Blue Cars
17.5%
4:09Cherry, Cherry
14.3%
4:52See My Baby Jive
9.9%
2:44Anything For You
8.3%
6:25I Will Not Bow
8.3%
0:59Dance With Me
8%
6:44Sunshine On A Rainy Day
7%
3:12Anyone Who Knows What Love Is (Will Understand)
4.1%
5:28Rocket '88'
3.7%
0:43Better Than Love
2.1%
2:54Loving Arms
1.9%
7:04PT 109
1.5%

You're not logged in!

Compare scores with friends on all Sporcle quizzes.
OR
Log In

Sporcle TV

Today on Sporcle TV


Watch our educational content, quiz creation guides, and fun videos on Sporcle TV.

Show Comments

Extras

Top Quizzes Today


Score Distribution

Your Account Isn't Verified!

In order to create a playlist on Sporcle, you need to verify the email address you used during registration. Go to your Sporcle Settings to finish the process.

Report this User

Report this user for behavior that violates our Community Guidelines.

Details: